[Event "2024 US National High School (K-12) Championship"]
[Site "Baltimore, Maryland, United States"]
[Date "2024.04.06"]
[Round "5.1"]
[White "Wang, Jason"]
[Black "Lu, Maximillian"]
[Result "1-0"]
[TimeControl "G/90; d10"]
[WhiteTitle "IM"]
[BlackTitle "IM"]
[WhiteFideId "30908124"]
[BlackFideId "2096242"]
[WhiteElo "2563"]
[BlackElo "2452"]

1. d4 {[%clk 01:30:00]} Nf6 {[%clk 01:29:10]} {[%emt 00:01:00]} 2. c4 {[%clk
01:30:00]} {[%emt 00:00:04]} g6 {[%clk 01:28:53]} {[%emt 00:00:27]} 3. Nc3
{[%clk 01:30:00]} {[%emt 00:00:04]} d5 {[%clk 01:28:53]} {[%emt 00:00:06]} 4.
Bf4 {[%clk 01:30:00]} {[%emt 00:00:05]} Bg7 {[%clk 01:28:53]} {[%emt 00:00:07]}
5. e3 {[%clk 01:30:00]} {[%emt 00:00:03]} c5 {[%clk 01:28:53]} {[%emt
00:00:11]} 6. dxc5 {[%clk 01:30:00]} {[%emt 00:00:05]} Qa5 {[%clk 01:28:53]}
{[%emt 00:00:01]} 7. Rc1 {[%clk 01:29:58]} {[%emt 00:00:13]} O-O {[%clk
01:28:53]} {[%emt 00:00:03]} 8. cxd5 {[%clk 01:29:29]} {[%emt 00:00:41]} Nbd7
{[%clk 01:28:53]} {[%emt 00:00:06]} 9. f3 {[%clk 01:29:29]} {[%emt 00:00:07]}
Nxc5 {[%clk 01:28:53]} {[%emt 00:00:05]} 10. e4 {[%clk 01:29:29]} {[%emt
00:00:05]} b5 {[%clk 01:28:53]} {[%emt 00:00:07]} 11. b4 {[%clk 01:29:29]}
{[%emt 00:00:02]} Qxb4 {[%clk 01:28:53]} {[%emt 00:00:03]} 12. Bd2 {[%clk
01:29:29]} {[%emt 00:00:06]} Qb2 {[%clk 01:26:16]} {[%emt 00:02:47]} 13. Rc2
{[%clk 01:29:29]} {[%emt 00:00:06]} Qa3 {[%clk 01:26:04]} {[%emt 00:00:22]} 14.
Be2 {[%clk 01:29:29]} {[%emt 00:00:03]} Nfd7 {[%clk 01:21:57]} {[%emt
00:04:17]} 15. Nxb5 {[%clk 01:14:25]} {[%emt 00:15:14]} Qa4 {[%clk 01:21:54]}
{[%emt 00:00:12]} 16. Bc3 {[%clk 01:10:08]} {[%emt 00:04:27]} Bxc3+ {[%clk
01:12:53]} {[%emt 00:09:12]} 17. Nxc3 {[%clk 01:09:32]} {[%emt 00:00:46]} Qa5
{[%clk 01:09:32]} {[%emt 00:03:30]} 18. Nh3 {[%clk 01:06:59]} {[%emt 00:02:43]}
Nb6 {[%clk 01:05:35]} {[%emt 00:04:07]} 19. Nf2 {[%clk 01:05:23]} {[%emt
00:01:45]} Bd7 {[%clk 00:54:40]} {[%emt 00:11:06]} 20. O-O {[%clk 00:58:37]}
{[%emt 00:06:56]} Rfc8 {[%clk 00:53:08]} {[%emt 00:01:42]} 21. Qd2 {[%clk
00:54:17]} {[%emt 00:04:31]} Nca4 {[%clk 00:45:39]} {[%emt 00:07:38]} 22. Nxa4
{[%clk 00:49:27]} {[%emt 00:05:00]} Qxd2 {[%clk 00:42:56]} {[%emt 00:02:53]} 23.
Rxd2 {[%clk 00:49:27]} {[%emt 00:00:02]} Nxa4 {[%clk 00:42:52]} {[%emt
00:00:14]} 24. e5 {[%clk 00:46:00]} {[%emt 00:03:36]} a5 {[%clk 00:32:42]}
{[%emt 00:10:20]} 25. f4 {[%clk 00:34:12]} {[%emt 00:11:59]} Nc3 {[%clk
00:28:50]} {[%emt 00:04:01]} 26. Bf3 {[%clk 00:32:56]} {[%emt 00:01:26]} Rab8
{[%clk 00:27:33]} {[%emt 00:01:29]} 27. d6 {[%clk 00:29:05]} {[%emt 00:04:00]}
exd6 {[%clk 00:26:51]} {[%emt 00:00:52]} 28. exd6 {[%clk 00:28:36]} {[%emt
00:00:40]} a4 {[%clk 00:19:19]} {[%emt 00:07:41]} 29. Ng4 {[%clk 00:26:11]}
{[%emt 00:02:34]} Bxg4 {[%clk 00:17:36]} {[%emt 00:01:53]} 30. Bxg4 {[%clk
00:26:11]} {[%emt 00:00:07]} Rd8 {[%clk 00:17:31]} {[%emt 00:00:15]} 31. d7
{[%clk 00:23:11]} {[%emt 00:03:10]} Kf8 {[%clk 00:14:02]} {[%emt 00:03:40]} 32.
Bf3 {[%clk 00:17:59]} {[%emt 00:05:21]} f5 {[%clk 00:11:28]} {[%emt 00:02:44]}
33. Rc1 {[%clk 00:16:13]} {[%emt 00:01:56]} Ne4 {[%clk 00:11:07]} {[%emt
00:00:31]} 34. Bxe4 {[%clk 00:16:04]} {[%emt 00:00:20]} fxe4 {[%clk 00:11:07]}
{[%emt 00:00:01]} 35. Kf2 {[%clk 00:16:04]} {[%emt 00:00:06]} a3 {[%clk
00:09:37]} {[%emt 00:01:41]} 36. Ke3 {[%clk 00:15:11]} {[%emt 00:01:02]} Ke7
{[%clk 00:09:10]} {[%emt 00:00:38]} 37. Rc7 {[%clk 00:13:30]} {[%emt 00:01:51]}
Rb4 {[%clk 00:07:46]} {[%emt 00:01:33]} 38. g4 {[%clk 00:12:11]} {[%emt
00:01:29]} Ke6 {[%clk 00:07:30]} {[%emt 00:00:27]} 39. Rc8 {[%clk 00:11:24]}
{[%emt 00:00:57]} Ke7 {[%clk 00:06:58]} {[%emt 00:00:42]} 40. f5 {[%clk
00:09:24]} {[%emt 00:02:10]} gxf5 {[%clk 00:06:58]} {[%emt 00:00:06]} 41. gxf5
{[%clk 00:09:24]} {[%emt 00:00:02]} Rb6 {[%clk 00:06:25]} {[%emt 00:00:42]} 42.
Rxd8 {[%clk 00:09:20]} {[%emt 00:00:14]} Kxd8 {[%clk 00:06:25]} {[%emt
00:00:01]} 43. Kxe4 {[%clk 00:09:20]} {[%emt 00:00:05]} Rb2 {[%clk 00:06:20]}
{[%emt 00:00:16]} 44. Ke3 {[%clk 00:09:07]} {[%emt 00:00:22]} Rb5 {[%clk
00:05:33]} {[%emt 00:00:56]} 45. f6 {[%clk 00:07:49]} {[%emt 00:01:29]} Rf5
{[%clk 00:05:33]} {[%emt 00:00:05]} 46. Rd6 {[%clk 00:07:49]} {[%emt 00:00:03]}
Rf1 {[%clk 00:03:51]} {[%emt 00:01:52]} 47. h4 {[%clk 00:05:24]} {[%emt
00:02:35]} h5 {[%clk 00:03:51]} {[%emt 00:00:01]} 48. Ke4 {[%clk 00:03:51]}
{[%emt 00:01:43]} Rf2 {[%clk 00:03:51]} {[%emt 00:00:01]} 49. Ke5 {[%clk
00:03:51]} {[%emt 00:00:10]} Re2+ {[%clk 00:02:58]} {[%emt 00:01:04]} 50. Kf5
{[%clk 00:03:49]} {[%emt 00:00:12]} Rxa2 {[%clk 00:02:58]} {[%emt 00:00:01]} 51.
f7 {[%clk 00:02:45]} {[%emt 00:01:14]} Rf2+ {[%clk 00:02:58]} {[%emt 00:00:02]}
52. Kg6 {[%clk 00:02:45]} {[%emt 00:00:03]} a2 {[%clk 00:02:28]} {[%emt
00:00:40]} 53. Ra6 {[%clk 00:02:42]} {[%emt 00:00:12]} Rg2+ {[%clk 00:01:28]}
{[%emt 00:01:11]} 54. Kxh5 {[%clk 00:02:41]} {[%emt 00:00:10]} Rf2 {[%clk
00:01:28]} {[%emt 00:00:01]} 55. Kg6 {[%clk 00:01:44]} {[%emt 00:01:08]} Rg2+
{[%clk 00:01:28]} {[%emt 00:00:01]} 56. Kh6 {[%clk 00:01:44]} {[%emt 00:00:07]}
Rf2 {[%clk 00:01:28]} {[%emt 00:00:09]} 57. Rxa2 {[%clk 00:01:10]} {[%emt
00:00:44]} Rxf7 {[%clk 00:01:28]} {[%emt 00:00:02]} 58. Rd2 {[%clk 00:01:10]}
{[%emt 00:00:03]} Rf1 {[%clk 00:00:49]} {[%emt 00:00:49]} 59. h5 {[%clk
00:01:08]} {[%emt 00:00:11]} Rg1 {[%clk 00:00:49]} {[%emt 00:00:03]} 60. Rd5
{[%clk 00:01:08]} {[%emt 00:00:05]} Rg2 {[%clk 00:00:23]} {[%emt 00:00:37]} 61.
Kh7 {[%clk 00:00:44]} {[%emt 00:00:34]} Rg3 {[%clk 00:00:23]} {[%emt 00:00:05]}
62. h6 {[%clk 00:00:44]} {[%emt 00:00:01]} Rg2 {[%clk 00:00:23]} {[%emt
00:00:04]} 63. Rd6 {[%clk 00:00:44]} {[%emt 00:00:02]} Rg3 {[%clk 00:00:20]}
{[%emt 00:00:14]} 64. Rg6 {[%clk 00:00:44]} {[%emt 00:00:01]} Rd3 {[%clk
00:00:10]} {[%emt 00:00:20]} 65. Kg8 {[%clk 00:00:44]} {[%emt 00:00:02]} Rxd7
{[%clk 00:00:06]} {[%emt 00:00:14]} 66. h7 {[%clk 00:00:44]} {[%emt 00:00:01]}
Kc7 {[%clk 00:00:04]} {[%emt 00:00:12]} 67. Rg7 {[%clk 00:00:44]} {[%emt
00:00:03]} 1-0

[Event "2024 US National High School (K-12) Championship"]
[Site "Baltimore, Maryland, United States"]
[Date "2024.04.06"]
[Round "5.2"]
[White "Hardaway, Brewington"]
[Black "Luo, Terry"]
[Result "1/2-1/2"]
[TimeControl "G/90; d10"]
[WhiteTitle "FM"]
[BlackTitle "FM"]
[WhiteFideId "30941849"]
[BlackFideId "30931045"]
[WhiteElo "2525"]
[BlackElo "2417"]

1. e4 {[%clk 01:30:00]} {[%emt 00:00:03]} e5 {[%clk 01:30:00]} {[%emt
00:00:04]} 2. Nf3 {[%clk 01:30:00]} {[%emt 00:00:11]} Nc6 {[%clk 01:30:00]}
{[%emt 00:00:02]} 3. Bb5 {[%clk 01:30:00]} {[%emt 00:00:13]} a6 {[%clk
01:30:00]} {[%emt 00:00:04]} 4. Ba4 {[%clk 01:30:00]} {[%emt 00:00:06]} Nf6
{[%clk 01:30:00]} {[%emt 00:00:03]} 5. O-O {[%clk 01:30:00]} {[%emt 00:00:06]}
Be7 {[%clk 01:30:00]} {[%emt 00:00:05]} 6. Re1 {[%clk 01:30:00]} {[%emt
00:00:01]} b5 {[%clk 01:30:00]} {[%emt 00:00:01]} 7. Bb3 {[%clk 01:30:00]} d6
{[%clk 01:30:00]} {[%emt 00:00:01]} 8. a4 {[%clk 01:29:30]} {[%emt 00:00:41]}
Bd7 {[%clk 01:26:06]} {[%emt 00:04:03]} 9. c3 {[%clk 01:26:53]} {[%emt
00:02:47]} O-O {[%clk 01:26:06]} {[%emt 00:00:06]} 10. h3 {[%clk 01:25:40]}
{[%emt 00:01:23]} h6 {[%clk 01:24:10]} {[%emt 00:02:06]} 11. d4 {[%clk
01:25:07]} {[%emt 00:00:43]} Re8 {[%clk 01:23:26]} {[%emt 00:00:54]} 12. axb5
{[%clk 01:19:13]} {[%emt 00:06:04]} axb5 {[%clk 01:23:26]} {[%emt 00:00:02]} 13.
Rxa8 {[%clk 01:19:13]} {[%emt 00:00:08]} Qxa8 {[%clk 01:23:26]} {[%emt
00:00:01]} 14. Na3 {[%clk 01:18:45]} {[%emt 00:00:38]} Qb7 {[%clk 01:17:17]}
{[%emt 00:06:18]} 15. Ba2 {[%clk 01:14:00]} {[%emt 00:04:56]} exd4 {[%clk
01:10:56]} {[%emt 00:06:31]} 16. cxd4 {[%clk 01:12:22]} {[%emt 00:01:48]} Nb4
{[%clk 01:10:35]} {[%emt 00:00:31]} 17. Bb1 {[%clk 01:11:58]} {[%emt 00:00:33]}
Bf8 {[%clk 01:05:04]} {[%emt 00:05:41]} 18. e5 {[%clk 01:06:35]} {[%emt
00:05:33]} Nfd5 {[%clk 01:05:04]} {[%emt 00:00:11]} 19. Bd2 {[%clk 01:04:26]}
{[%emt 00:02:19]} dxe5 {[%clk 00:47:51]} {[%emt 00:17:22]} 20. Nxe5 {[%clk
01:02:05]} {[%emt 00:02:32]} Be6 {[%clk 00:47:51]} 21. Qe2 {[%clk 01:00:25]}
{[%emt 00:01:50]} c6 {[%clk 00:47:21]} {[%emt 00:00:40]} 22. Qe4 {[%clk
00:57:50]} {[%emt 00:02:45]} Nf6 {[%clk 00:47:12]} {[%emt 00:00:19]} 23. Qf3
{[%clk 00:54:57]} {[%emt 00:03:04]} Nbd5 {[%clk 00:46:00]} {[%emt 00:01:21]} 24.
Nc2 {[%clk 00:53:36]} {[%emt 00:01:31]} Qb6 {[%clk 00:42:02]} {[%emt 00:04:08]}
25. Qg3 {[%clk 00:45:29]} {[%emt 00:08:18]} Kh8 {[%clk 00:32:58]} {[%emt
00:09:14]} 26. Qh4 {[%clk 00:42:48]} {[%emt 00:02:51]} Kg8 {[%clk 00:31:07]}
{[%emt 00:02:00]} 27. Qg3 {[%clk 00:40:42]} {[%emt 00:02:16]} Kh8 {[%clk
00:31:07]} {[%emt 00:00:06]} 28. Qh4 {[%clk 00:40:38]} {[%emt 00:00:14]} Kg8
{[%clk 00:31:07]} {[%emt 00:00:04]} 29. Qg3 {[%clk 00:34:40]} {[%emt 00:06:08]}
1/2-1/2

[Event "2024 US National High School (K-12) Championship"]
[Site "Baltimore, Maryland, United States"]
[Date "2024.04.06"]
[Round "5.3"]
[White "Yesuntumur, Tugstumur"]
[Black "Clasby, Derek"]
[Result "1-0"]
[TimeControl "G/90; d10"]
[WhiteTitle "FM"]
[WhiteFideId "4902521"]
[BlackFideId "30932300"]
[WhiteElo "2478"]
[BlackElo "2393"]

1. d4 {[%clk 01:30:00]} {[%emt 00:00:05]} Nf6 {[%clk 01:30:00]} {[%emt
00:00:17]} 2. c4 {[%clk 01:30:00]} {[%emt 00:00:13]} g6 {[%clk 01:29:16]}
{[%emt 00:00:36]} 3. Nc3 {[%clk 01:30:00]} {[%emt 00:00:04]} d5 {[%clk
01:29:11]} {[%emt 00:00:15]} 4. Bf4 {[%clk 01:26:47]} {[%emt 00:03:23]} Bg7
{[%clk 01:26:46]} {[%emt 00:02:34]} 5. e3 {[%clk 01:26:47]} {[%emt 00:00:05]}
c5 {[%clk 01:22:21]} {[%emt 00:04:36]} 6. dxc5 {[%clk 01:21:35]} {[%emt
00:05:22]} Qa5 {[%clk 01:16:48]} {[%emt 00:05:42]} 7. Qa4+ {[%clk 01:19:00]}
{[%emt 00:02:45]} Qxa4 {[%clk 01:16:40]} {[%emt 00:00:18]} 8. Nxa4 {[%clk
01:19:00]} {[%emt 00:00:05]} Na6 {[%clk 01:07:24]} {[%emt 00:09:26]} 9. cxd5
{[%clk 01:15:57]} {[%emt 00:03:13]} Nxd5 {[%clk 01:06:23]} {[%emt 00:01:11]} 10.
O-O-O {[%clk 01:12:28]} {[%emt 00:03:39]} Nac7 {[%clk 00:46:08]} {[%emt
00:20:25]} 11. Bxc7 {[%clk 01:12:16]} {[%emt 00:00:21]} Nxc7 {[%clk 00:46:08]}
{[%emt 00:00:09]} 12. Bc4 {[%clk 01:12:13]} {[%emt 00:00:13]} e6 {[%clk
00:37:15]} {[%emt 00:09:03]} 13. Ne2 {[%clk 01:10:49]} {[%emt 00:01:34]} Bd7
{[%clk 00:36:21]} {[%emt 00:01:04]} 14. Nac3 {[%clk 01:10:13]} {[%emt
00:00:46]} Ke7 {[%clk 00:34:05]} {[%emt 00:02:25]} 15. Rd3 {[%clk 01:07:36]}
{[%emt 00:02:47]} Rhc8 {[%clk 00:28:57]} {[%emt 00:05:18]} 16. Rhd1 {[%clk
01:06:25]} {[%emt 00:01:21]} Bc6 {[%clk 00:26:26]} {[%emt 00:02:42]} 17. f3
{[%clk 01:03:43]} {[%emt 00:02:52]} b5 {[%clk 00:21:57]} {[%emt 00:04:39]} 18.
cxb6 {[%clk 01:03:41]} {[%emt 00:00:12]} axb6 {[%clk 00:21:57]} {[%emt
00:00:08]} 19. Nd4 {[%clk 00:56:27]} {[%emt 00:07:25]} Be8 {[%clk 00:20:21]}
{[%emt 00:01:45]} 20. Kb1 {[%clk 00:53:51]} {[%emt 00:02:46]} Ra5 {[%clk
00:16:45]} {[%emt 00:03:46]} 21. Bb3 {[%clk 00:52:06]} {[%emt 00:01:55]} Na6
{[%clk 00:15:44]} {[%emt 00:01:10]} 22. Ne4 {[%clk 00:49:42]} {[%emt 00:02:34]}
Nb4 {[%clk 00:13:50]} {[%emt 00:02:05]} 23. Rc3 {[%clk 00:46:04]} {[%emt
00:03:48]} Rxc3 {[%clk 00:13:48]} {[%emt 00:00:12]} 24. Nxc3 {[%clk 00:45:45]}
{[%emt 00:00:30]} Re5 {[%clk 00:11:29]} {[%emt 00:02:29]} 25. e4 {[%clk
00:44:39]} {[%emt 00:01:16]} Rh5 {[%clk 00:10:56]} {[%emt 00:00:43]} 26. h3
{[%clk 00:44:35]} {[%emt 00:00:13]} Rg5 {[%clk 00:10:44]} {[%emt 00:00:23]} 27.
g4 {[%clk 00:44:35]} {[%emt 00:00:07]} Rc5 {[%clk 00:09:56]} {[%emt 00:00:58]}
28. Na4 {[%clk 00:42:06]} {[%emt 00:02:39]} Bxa4 {[%clk 00:07:12]} {[%emt
00:02:54]} 29. Bxa4 {[%clk 00:42:06]} {[%emt 00:00:03]} Rc4 {[%clk 00:05:57]}
{[%emt 00:01:26]} 30. Ne2 {[%clk 00:41:25]} {[%emt 00:00:51]} Rc7 {[%clk
00:03:29]} {[%emt 00:02:39]} 31. a3 {[%clk 00:40:02]} {[%emt 00:01:32]} Nc6
{[%clk 00:02:02]} {[%emt 00:01:36]} 32. Rc1 {[%clk 00:39:59]} {[%emt 00:00:13]}
Kd6 {[%clk 00:02:02]} {[%emt 00:00:06]} 33. Bxc6 {[%clk 00:39:59]} {[%emt
00:00:06]} Rxc6 {[%clk 00:02:02]} {[%emt 00:00:02]} 34. Rxc6+ {[%clk 00:39:59]}
{[%emt 00:00:06]} Kxc6 {[%clk 00:02:02]} {[%emt 00:00:01]} 35. Kc2 {[%clk
00:39:59]} {[%emt 00:00:05]} Kc5 {[%clk 00:01:58]} {[%emt 00:00:15]} 36. b3
{[%clk 00:39:56]} {[%emt 00:00:13]} Be5 {[%clk 00:01:49]} {[%emt 00:00:18]} 37.
Kd3 {[%clk 00:39:56]} {[%emt 00:00:09]} Bb2 {[%clk 00:01:17]} {[%emt 00:00:42]}
38. a4 {[%clk 00:39:22]} {[%emt 00:00:44]} g5 {[%clk 00:00:49]} {[%emt
00:00:38]} 39. Kc2 {[%clk 00:39:06]} {[%emt 00:00:26]} Be5 {[%clk 00:00:47]}
{[%emt 00:00:13]} 40. Nc1 {[%clk 00:37:55]} {[%emt 00:01:21]} Kd4 {[%clk
00:00:46]} {[%emt 00:00:11]} 41. Nd3 {[%clk 00:37:55]} {[%emt 00:00:02]} Bd6
{[%clk 00:00:37]} {[%emt 00:00:18]} 42. Kd2 {[%clk 00:37:55]} {[%emt 00:00:06]}
Be7 {[%clk 00:00:16]} {[%emt 00:00:31]} 43. e5 {[%clk 00:36:10]} {[%emt
00:01:55]} Bf8 {[%clk 00:00:08]} {[%emt 00:00:18]} 44. Nb2 {[%clk 00:32:20]}
{[%emt 00:04:00]} Bb4+ {[%clk 00:00:08]} {[%emt 00:00:11]} 45. Ke2 {[%clk
00:32:20]} {[%emt 00:00:10]} Kc3 {[%clk 00:00:03]} {[%emt 00:00:14]} 46. Nc4
{[%clk 00:32:20]} {[%emt 00:00:01]} Bc5 {[%clk 00:00:02]} {[%emt 00:00:11]} 47.
a5 {[%clk 00:31:55]} {[%emt 00:00:35]} bxa5 {[%clk 00:00:02]} {[%emt 00:00:09]}
48. Nxa5 {[%clk 00:31:55]} Bb4 {[%clk 00:00:02]} {[%emt 00:00:10]} 49. Nc6
{[%clk 00:31:55]} {[%emt 00:00:10]} Kxb3 {[%clk 00:00:02]} {[%emt 00:00:07]} 50.
Nd8 {[%clk 00:31:55]} {[%emt 00:00:01]} Kc4 {[%clk 00:00:02]} {[%emt 00:00:10]}
51. Nxf7 {[%clk 00:31:55]} {[%emt 00:00:01]} Be7 {[%clk 00:00:02]} {[%emt
00:00:03]} 52. f4 {[%clk 00:31:55]} {[%emt 00:00:08]} gxf4 {[%clk 00:00:02]}
{[%emt 00:00:06]} 53. Kf3 {[%clk 00:31:55]} Kd4 {[%clk 00:00:02]} {[%emt
00:00:03]} 54. Kxf4 {[%clk 00:31:55]} {[%emt 00:00:01]} Kd5 {[%clk 00:00:02]}
{[%emt 00:00:11]} 55. g5 {[%clk 00:31:55]} {[%emt 00:00:06]} Ba3 {[%clk
00:00:02]} {[%emt 00:00:06]} 56. Kg4 {[%clk 00:31:46]} {[%emt 00:00:18]} Bf8
{[%clk 00:00:02]} {[%emt 00:00:09]} 57. h4 {[%clk 00:31:46]} {[%emt 00:00:09]}
Ke4 {[%clk 00:00:02]} {[%emt 00:00:06]} 58. h5 {[%clk 00:31:23]} {[%emt
00:00:32]} Kd4 {[%clk 00:00:02]} {[%emt 00:00:10]} 59. Kf4 {[%clk 00:31:20]}
{[%emt 00:00:13]} Kd5 {[%clk 00:00:02]} {[%emt 00:00:08]} 60. h6 {[%clk
00:31:20]} {[%emt 00:00:10]} Kd4 {[%clk 00:00:02]} {[%emt 00:00:10]} 61. g6
{[%clk 00:31:13]} {[%emt 00:00:17]} Bxh6 {[%clk 00:00:02]} {[%emt 00:00:09]} 62.
Nxh6 {[%clk 00:31:13]} {[%emt 00:00:01]} hxg6 {[%clk 00:00:02]} {[%emt
00:00:02]} 63. Nf7 {[%clk 00:31:13]} {[%emt 00:00:01]} 1-0

[Event "2024 US National High School (K-12) Championship"]
[Site "Baltimore, Maryland, United States"]
[Date "2024.04.06"]
[Round "5.4"]
[White "Mei, Austin R"]
[Black "Deviprasath, Sharvesh R"]
[Result "0-1"]
[TimeControl "G/90; d10"]
[WhiteTitle "FM"]
[BlackTitle "FM"]
[WhiteFideId "30948479"]
[BlackFideId "30938228"]
[WhiteElo "2331"]
[BlackElo "2496"]

1. e4 {[%clk 01:30:00]} {[%emt 00:00:01]} c5 {[%clk 01:29:22]} {[%emt
00:00:55]} 2. Nf3 {[%clk 01:30:00]} {[%emt 00:00:01]} Nc6 {[%clk 01:29:16]}
{[%emt 00:00:10]} 3. d4 {[%clk 01:30:00]} {[%emt 00:00:06]} cxd4 {[%clk
01:29:16]} {[%emt 00:00:06]} 4. Nxd4 {[%clk 01:30:00]} {[%emt 00:00:03]} Qb6
{[%clk 01:29:14]} {[%emt 00:00:12]} 5. Nb3 {[%clk 01:29:55]} {[%emt 00:00:15]}
g6 {[%clk 01:29:14]} {[%emt 00:00:02]} 6. Be3 {[%clk 01:28:59]} {[%emt
00:01:07]} Qb4+ {[%clk 01:29:14]} {[%emt 00:00:03]} 7. Nc3 {[%clk 01:28:59]}
{[%emt 00:00:05]} Bg7 {[%clk 01:28:54]} {[%emt 00:00:30]} 8. Qd3 {[%clk
01:27:22]} {[%emt 00:01:47]} d6 {[%clk 01:18:57]} {[%emt 00:10:07]} 9. Bd2
{[%clk 01:24:40]} {[%emt 00:02:52]} Ne5 {[%clk 01:16:44]} {[%emt 00:02:19]} 10.
Qb5+ {[%clk 01:22:39]} {[%emt 00:02:15]} Qxb5 {[%clk 01:13:53]} {[%emt
00:03:01]} 11. Nxb5 {[%clk 01:22:39]} {[%emt 00:00:02]} Kd8 {[%clk 01:13:50]}
{[%emt 00:00:13]} 12. Be3 {[%clk 01:18:50]} {[%emt 00:04:00]} Nc6 {[%clk
01:13:28]} {[%emt 00:00:30]} 13. O-O-O {[%clk 01:18:50]} {[%emt 00:00:10]} Nf6
{[%clk 01:10:20]} {[%emt 00:03:16]} 14. Bc4 {[%clk 00:54:38]} {[%emt 00:24:24]}
Nxe4 {[%clk 01:04:55]} {[%emt 00:05:35]} 15. Rhe1 {[%clk 00:44:53]} {[%emt
00:09:54]} f5 {[%clk 01:04:01]} {[%emt 00:01:05]} 16. f3 {[%clk 00:44:02]}
{[%emt 00:01:01]} Nf6 {[%clk 00:59:54]} {[%emt 00:04:16]} 17. Nc5 {[%clk
00:31:06]} {[%emt 00:13:07]} Ne8 {[%clk 00:56:25]} {[%emt 00:03:38]} 18. Bg5
{[%clk 00:24:50]} {[%emt 00:06:27]} h6 {[%clk 00:51:45]} {[%emt 00:04:49]} 19.
Nxd6 {[%emt 00:02:37]} hxg5 {[%clk 00:51:13]} {[%emt 00:00:38]} 20. Nxf5+
{[%emt 00:07:02]} Kc7 {[%clk 00:50:29]} {[%emt 00:00:52]} 21. Nxe7 {[%clk
00:15:38]} {[%emt 00:00:03]} g4 {[%clk 00:49:24]} {[%emt 00:01:15]} 22. Nxg6
{[%clk 00:12:54]} {[%emt 00:02:53]} Rh6 {[%clk 00:48:44]} {[%emt 00:00:49]} 23.
Nf4 {[%clk 00:11:05]} {[%emt 00:02:00]} Be5 {[%clk 00:48:15]} {[%emt 00:00:39]}
24. Nfd3 {[%clk 00:10:20]} {[%emt 00:00:55]} Nd6 {[%clk 00:47:53]} {[%emt
00:00:33]} 25. Nxe5 {[%clk 00:08:09]} {[%emt 00:02:21]} Nxe5 {[%clk 00:47:53]}
{[%emt 00:00:01]} 26. Rxe5 {[%clk 00:08:09]} {[%emt 00:00:02]} Nxc4 {[%clk
00:47:53]} {[%emt 00:00:02]} 27. Re7+ {[%clk 00:06:53]} {[%emt 00:01:26]} Kb6
{[%clk 00:47:53]} {[%emt 00:00:04]} 28. Na4+ {[%clk 00:05:10]} {[%emt
00:01:56]} Kc6 {[%clk 00:46:54]} {[%emt 00:01:09]} 29. Re8 {[%clk 00:02:51]}
{[%emt 00:02:28]} b5 {[%clk 00:46:38]} {[%emt 00:00:26]} 30. Nc3 {[%clk
00:02:45]} {[%emt 00:00:15]} gxf3 {[%clk 00:46:38]} {[%emt 00:00:08]} 31. gxf3
{[%clk 00:02:42]} {[%emt 00:00:13]} Bb7 {[%clk 00:46:38]} {[%emt 00:00:01]} 32.
Rxa8 {[%clk 00:02:10]} {[%emt 00:00:42]} Bxa8 {[%clk 00:46:38]} {[%emt
00:00:03]} 33. b3 {[%clk 00:02:01]} {[%emt 00:00:20]} Nd6 {[%clk 00:46:38]}
{[%emt 00:00:03]} 34. a4 {[%clk 00:01:25]} {[%emt 00:00:48]} b4 {[%clk
00:46:38]} {[%emt 00:00:05]} 35. Ne4 {[%clk 00:00:58]} {[%emt 00:00:38]} Nxe4
{[%clk 00:45:52]} {[%emt 00:00:56]} 36. fxe4 {[%clk 00:00:58]} {[%emt
00:00:01]} Rxh2 {[%clk 00:45:52]} {[%emt 00:00:01]} 37. Rd4 {[%clk 00:00:41]}
{[%emt 00:00:26]} a5 {[%clk 00:45:52]} {[%emt 00:00:08]} 38. c3 {[%clk
00:00:36]} {[%emt 00:00:14]} bxc3 {[%clk 00:45:50]} {[%emt 00:00:11]} 39. Rc4+
{[%clk 00:00:36]} {[%emt 00:00:03]} Kd6 {[%clk 00:45:50]} {[%emt 00:00:10]} 40.
Rxc3 {[%clk 00:00:36]} {[%emt 00:00:07]} Bxe4 {[%clk 00:45:50]} {[%emt
00:00:03]} 41. Rc8 {[%clk 00:00:32]} {[%emt 00:00:14]} Bd5 {[%clk 00:45:50]}
{[%emt 00:00:05]} 42. Rc3 {[%clk 00:00:17]} {[%emt 00:00:24]} Be6 {[%clk
00:45:22]} {[%emt 00:00:39]} 43. Kb1 {[%clk 00:00:17]} {[%emt 00:00:02]} Kd5
{[%clk 00:45:13]} {[%emt 00:00:19]} 44. Rc7 {[%clk 00:00:03]} {[%emt 00:00:24]}
Kd4 {[%clk 00:44:52]} {[%emt 00:00:32]} 45. Ra7 {[%clk 00:00:03]} {[%emt
00:00:03]} Bxb3 {[%clk 00:44:36]} {[%emt 00:00:27]} 46. Rxa5 {[%clk 00:00:03]}
{[%emt 00:00:05]} Kc3 {[%clk 00:43:29]} {[%emt 00:01:16]} 47. Rc5+ {[%clk
00:00:03]} {[%emt 00:00:03]} Bc4 {[%clk 00:43:29]} {[%emt 00:00:01]} 0-1